[Event "Deutsche Ländermeisterschaft 2023"]
[Site "Hannover GER"]
[Date "2023.10.03"]
[Round "5"]
[White "Nizamova, Rita"]
[Black "Klaska, Philipp Leon"]
[Result "0-1"]
[Termination "normal"]
[Board "2.5"]
[WhiteElo "1825"]
[BlackElo "2065"]
[WhiteClock "00:04:17"]
[BlackClock "00:04:26"]
[WhiteTeam "Niedersachsen"]
[BlackTeam "Nordrhein-Westfalen"]
[PlyCount "154"]
[WhiteFideId "16221940"]
[BlackFideId "16238044"]
[EventCountry "GER"]
[EventRounds "7"]
[EventType "team-swiss"]
[EventDate "2023.09.30"]

1. e4 {[%clk 01:30:59]} c5 {[%clk 01:30:28]} {[%emt 00:00:32]} 2. Nf3 {[%clk
01:31:24]} {[%emt 00:00:06]} Nc6 {[%clk 01:30:55]} {[%emt 00:00:03]} 3. d4
{[%clk 01:31:48]} {[%emt 00:00:07]} cxd4 {[%clk 01:31:19]} {[%emt 00:00:05]} 4.
Nxd4 {[%clk 01:32:16]} {[%emt 00:00:02]} Nf6 {[%clk 01:31:41]} {[%emt
00:00:08]} 5. Nc3 {[%clk 01:32:39]} {[%emt 00:00:08]} e5 {[%clk 01:32:03]}
{[%emt 00:00:08]} 6. Ndb5 {[%clk 01:33:03]} {[%emt 00:00:06]} d6 {[%clk
01:32:25]} {[%emt 00:00:07]} 7. Bg5 {[%clk 01:33:09]} {[%emt 00:00:25]} a6
{[%clk 01:32:43]} {[%emt 00:00:12]} 8. Na3 {[%clk 01:32:27]} {[%emt 00:01:13]}
b5 {[%clk 01:32:59]} {[%emt 00:00:13]} 9. Nd5 {[%clk 01:32:37]} {[%emt
00:00:20]} Be7 {[%clk 01:33:19]} {[%emt 00:00:09]} 10. Bxf6 {[%clk 01:32:38]}
{[%emt 00:00:30]} Bxf6 {[%clk 01:33:44]} {[%emt 00:00:05]} 11. c3 {[%clk
01:31:37]} {[%emt 00:01:32]} Rb8 {[%clk 01:33:58]} {[%emt 00:00:15]} 12. Be2
{[%clk 01:31:25]} {[%emt 00:00:42]} O-O {[%clk 01:33:17]} {[%emt 00:01:11]} 13.
O-O {[%clk 01:31:46]} {[%emt 00:00:09]} Bg5 {[%clk 01:33:00]} {[%emt 00:00:47]}
14. Nc2 {[%clk 01:30:04]} {[%emt 00:02:13]} Be6 {[%clk 01:27:02]} {[%emt
00:06:26]} 15. Nce3 {[%clk 01:29:48]} {[%emt 00:00:47]} Ne7 {[%clk 01:19:59]}
{[%emt 00:07:32]} 16. b3 {[%clk 01:14:34]} {[%emt 00:15:45]} Bxe3 {[%clk
01:06:06]} {[%emt 00:14:23]} 17. Nxe3 {[%clk 01:14:27]} {[%emt 00:00:36]} Qc7
{[%clk 01:02:36]} {[%emt 00:03:59]} 18. c4 {[%clk 01:13:51]} {[%emt 00:01:08]}
b4 {[%clk 00:54:38]} {[%emt 00:08:26]} 19. a3 {[%clk 01:04:36]} {[%emt
00:09:46]} a5 {[%clk 00:49:11]} {[%emt 00:05:57]} 20. Bg4 {[%clk 00:51:32]}
{[%emt 00:13:34]} Nc6 {[%clk 00:43:46]} {[%emt 00:05:54]} 21. Bxe6 {[%clk
00:50:51]} {[%emt 00:01:12]} fxe6 {[%clk 00:43:53]} {[%emt 00:00:23]} 22. Nc2
{[%clk 00:50:35]} {[%emt 00:00:45]} bxa3 {[%clk 00:39:03]} {[%emt 00:05:21]}
23. Rxa3 {[%clk 00:49:32]} {[%emt 00:01:32]} Rfd8 {[%clk 00:36:47]} {[%emt
00:02:45]} 24. Qd2 {[%clk 00:45:36]} {[%emt 00:04:26]} Qb6 {[%clk 00:35:25]}
{[%emt 00:01:51]} 25. Rd1 {[%clk 00:44:04]} {[%emt 00:02:04]} Qc5 {[%clk
00:34:54]} {[%emt 00:00:58]} 26. Qc1 {[%clk 00:29:42]} {[%emt 00:14:55]} Rf8
{[%clk 00:31:04]} {[%emt 00:04:18]} 27. Rf1 {[%clk 00:27:42]} {[%emt 00:02:33]}
Rf4 {[%clk 00:29:32]} {[%emt 00:02:00]} 28. g3 {[%clk 00:13:43]} {[%emt
00:14:31]} Rxe4 {[%clk 00:28:04]} {[%emt 00:01:58]} 29. h3 {[%clk 00:08:13]}
{[%emt 00:06:01]} Re2 {[%emt 00:04:58]} 30. Ra1 {[%clk 00:04:10]} {[%emt
00:02:29]} Rxb3 {[%clk 00:20:22]} {[%emt 00:05:48]} 31. Qd1 {[%clk 00:03:41]}
{[%emt 00:01:00]} Qxc4 {[%clk 00:15:04]} {[%emt 00:05:48]} 32. Rc1 {[%clk
00:02:17]} {[%emt 00:01:54]} Rc3 {[%clk 00:10:32]} {[%emt 00:05:00]} 33. Ne3
{[%clk 00:01:03]} {[%emt 00:01:45]} Rxc1 {[%clk 00:10:35]} {[%emt 00:00:27]}
34. Qxc1 {[%clk 00:01:26]} {[%emt 00:00:07]} Qxc1 {[%clk 00:10:41]} {[%emt
00:00:24]} 35. Rxc1 {[%clk 00:01:56]} Nd4 {[%clk 00:09:34]} {[%emt 00:01:35]}
36. Rc8+ {[%clk 00:01:40]} {[%emt 00:00:48]} Kf7 {[%clk 00:09:36]} {[%emt
00:00:28]} 37. Ra8 {[%clk 00:02:05]} {[%emt 00:00:05]} Nb3 {[%clk 00:07:32]}
{[%emt 00:02:33]} 38. Nc4 {[%clk 00:01:26]} {[%emt 00:01:10]} d5 {[%clk
00:06:16]} {[%emt 00:01:46]} 39. Kf1 {[%clk 00:01:33]} {[%emt 00:00:24]} Nd4
{[%clk 00:03:52]} {[%emt 00:02:52]} 40. Nd6+ {[%clk 00:00:46]} {[%emt
00:01:18]} Ke7 {[%clk 00:03:10]} {[%emt 00:01:11]} 41. Nb5 {[%clk 00:29:34]}
{[%emt 00:01:44]} Ra2 {[%clk 00:33:00]} {[%emt 00:00:37]} 42. Ra7+ {[%clk
00:29:39]} {[%emt 00:00:28]} Kf8 {[%clk 00:28:15]} {[%emt 00:05:12]} 43. Nd6
{[%clk 00:29:33]} {[%emt 00:00:39]} Nf5 {[%clk 00:25:55]} {[%emt 00:02:49]} 44.
Nf7 {[%clk 00:28:40]} {[%emt 00:01:23]} e4 {[%clk 00:17:42]} {[%emt 00:08:43]}
45. Ng5 {[%clk 00:28:26]} {[%emt 00:00:44]} e3 {[%clk 00:16:22]} {[%emt
00:01:50]} 46. Nxe6+ {[%clk 00:28:45]} {[%emt 00:00:12]} Kg8 {[%clk 00:15:49]}
{[%emt 00:01:01]} 47. fxe3 {[%clk 00:27:55]} {[%emt 00:01:22]} Nxg3+ {[%clk
00:15:00]} {[%emt 00:01:20]} 48. Kg1 {[%clk 00:28:19]} {[%emt 00:00:05]} Ne2+
{[%clk 00:12:43]} {[%emt 00:02:47]} 49. Kf1 {[%clk 00:28:12]} {[%emt 00:00:37]}
Ng3+ {[%clk 00:13:09]} {[%emt 00:00:04]} 50. Kg1 {[%clk 00:28:35]} {[%emt
00:00:08]} Nf5 {[%clk 00:11:53]} {[%emt 00:01:45]} 51. Ng5 {[%clk 00:28:24]}
{[%emt 00:00:41]} g6 {[%clk 00:11:47]} {[%emt 00:00:36]} 52. e4 {[%clk
00:21:17]} {[%emt 00:07:37]} dxe4 {[%clk 00:10:02]} {[%emt 00:02:16]} 53. Nxe4
{[%clk 00:21:28]} {[%emt 00:00:19]} h6 {[%clk 00:09:15]} {[%emt 00:01:16]} 54.
Nc5 {[%clk 00:18:03]} {[%emt 00:03:54]} g5 {[%clk 00:08:37]} {[%emt 00:01:08]}
55. Kf1 {[%clk 00:14:17]} {[%emt 00:04:18]} Rh2 {[%clk 00:07:14]} {[%emt
00:01:49]} 56. Rxa5 {[%clk 00:13:07]} {[%emt 00:01:43]} Rxh3 {[%clk 00:06:45]}
{[%emt 00:00:59]} 57. Ne4 {[%clk 00:12:23]} {[%emt 00:01:14]} Rf3+ {[%clk
00:06:36]} {[%emt 00:00:36]} 58. Kg2 {[%clk 00:11:45]} {[%emt 00:01:10]} Rf4
{[%clk 00:06:30]} {[%emt 00:00:35]} 59. Nc5 {[%clk 00:08:42]} {[%emt 00:03:34]}
Kf7 {[%clk 00:05:46]} {[%emt 00:01:10]} 60. Ra6 {[%clk 00:07:46]} {[%emt
00:01:30]} Nh4+ {[%clk 00:05:40]} {[%emt 00:00:36]} 61. Kh2 {[%clk 00:07:21]}
{[%emt 00:00:55]} Rf6 {[%clk 00:05:54]} {[%emt 00:00:14]} 62. Ra8 {[%clk
00:05:52]} {[%emt 00:02:00]} Kg6 {[%clk 00:05:45]} {[%emt 00:00:38]} 63. Ne4
{[%clk 00:05:57]} {[%emt 00:00:26]} Rb6 {[%clk 00:05:54]} {[%emt 00:00:17]} 64.
Ra5 {[%clk 00:05:33]} {[%emt 00:00:58]} Nf5 {[%clk 00:05:52]} {[%emt 00:00:30]}
65. Ra8 {[%clk 00:05:01]} {[%emt 00:01:05]} Rb4 {[%clk 00:05:13]} {[%emt
00:01:08]} 66. Ra6+ {[%clk 00:03:43]} {[%emt 00:01:49]} Kh5 {[%clk 00:05:05]}
{[%emt 00:00:37]} 67. Nf6+ {[%clk 00:03:44]} {[%emt 00:00:30]} Kh4 {[%clk
00:05:20]} {[%emt 00:00:15]} 68. Ng8 {[%clk 00:03:37]} {[%emt 00:00:37]} h5
{[%clk 00:04:52]} {[%emt 00:00:57]} 69. Nf6 {[%clk 00:03:46]} {[%emt 00:00:21]}
g4 {[%clk 00:04:17]} {[%emt 00:01:04]} 70. Ra5 {[%clk 00:03:39]} {[%emt
00:00:39]} Rf4 {[%clk 00:04:23]} {[%emt 00:00:21]} 71. Nd5 {[%clk 00:03:16]}
{[%emt 00:00:55]} g3+ {[%clk 00:04:16]} {[%emt 00:00:38]} 72. Kg1 {[%clk
00:03:35]} {[%emt 00:00:11]} Rd4 {[%clk 00:03:41]} {[%emt 00:00:59]} 73. Nf6
{[%clk 00:03:37]} {[%emt 00:00:34]} Kh3 {[%clk 00:02:58]} {[%emt 00:01:13]} 74.
Rxf5 {[%clk 00:03:43]} {[%emt 00:00:25]} Rd1+ {[%clk 00:03:20]} {[%emt
00:00:07]} 75. Rf1 {[%clk 00:03:57]} {[%emt 00:00:17]} Rxf1+ {[%clk 00:03:44]}
{[%emt 00:00:06]} 76. Kxf1 {[%clk 00:04:21]} {[%emt 00:00:06]} Kh2 {[%clk
00:04:02]} {[%emt 00:00:10]} 77. Nxh5 {[%clk 00:04:17]} {[%emt 00:00:34]} g2+
{[%clk 00:04:26]} {[%emt 00:00:07]} 0-1

[Event "Deutsche Ländermeisterschaft 2023"]
[Site "Hannover GER"]
[Date "2023.10.03"]
[Round "5"]
[White "Sereda, Yaroslava"]
[Black "Tarasenko, Nazar"]
[Result "1-0"]
[Termination "normal"]
[Board "2.6"]
[WhiteElo "1956"]
[BlackElo "1873"]
[WhiteClock "00:18:16"]
[BlackClock "01:03:47"]
[WhiteTeam "Nordrhein-Westfalen"]
[BlackTeam "Niedersachsen"]
[PlyCount "63"]
[WhiteFideId "14178940"]
[BlackFideId "34161430"]
[EventCountry "GER"]
[EventRounds "7"]
[EventType "team-swiss"]
[EventDate "2023.09.30"]

1. e4 {[%clk 01:30:58]} c5 {[%clk 01:30:57]} {[%emt 00:00:04]} 2. Nf3 {[%clk
01:31:20]} {[%emt 00:00:08]} d6 {[%clk 01:31:21]} {[%emt 00:00:06]} 3. d4
{[%clk 01:31:42]} {[%emt 00:00:08]} cxd4 {[%clk 01:31:48]} {[%emt 00:00:04]} 4.
Nxd4 {[%clk 01:32:05]} {[%emt 00:00:06]} Nf6 {[%clk 01:32:14]} {[%emt
00:00:03]} 5. Nc3 {[%clk 01:32:24]} {[%emt 00:00:11]} a6 {[%clk 01:32:41]}
{[%emt 00:00:03]} 6. a3 {[%clk 01:32:45]} {[%emt 00:00:09]} e5 {[%clk
01:33:07]} {[%emt 00:00:05]} 7. Nf5 {[%clk 01:33:05]} {[%emt 00:00:10]} d5
{[%clk 01:33:09]} {[%emt 00:00:29]} 8. Bg5 {[%clk 01:33:11]} {[%emt 00:00:24]}
d4 {[%clk 01:33:32]} {[%emt 00:00:07]} 9. Bxf6 {[%clk 01:33:21]} {[%emt
00:00:20]} gxf6 {[%clk 01:33:56]} {[%emt 00:00:06]} 10. Nb1 {[%clk 01:33:29]}
{[%emt 00:00:22]} Bxf5 {[%clk 01:34:21]} {[%emt 00:00:06]} 11. exf5 {[%clk
01:33:53]} {[%emt 00:00:06]} Qd5 {[%clk 01:34:42]} {[%emt 00:00:08]} 12. Qh5
{[%clk 01:34:07]} {[%emt 00:00:17]} Nc6 {[%clk 01:30:03]} {[%emt 00:05:09]} 13.
Nd2 {[%clk 01:31:48]} {[%emt 00:02:49]} b5 {[%clk 01:26:52]} {[%emt 00:03:41]}
14. Bd3 {[%clk 01:25:12]} {[%emt 00:07:06]} Rc8 {[%clk 01:24:13]} {[%emt
00:03:09]} 15. O-O {[%clk 01:08:00]} {[%emt 00:17:42]} Be7 {[%clk 01:21:54]}
{[%emt 00:02:49]} 16. f4 {[%clk 00:59:43]} {[%emt 00:08:47]} exf4 {[%clk
01:21:14]} {[%emt 00:01:10]} 17. Rxf4 {[%clk 00:57:11]} {[%emt 00:03:02]} Ne5
{[%clk 01:19:30]} {[%emt 00:02:14]} 18. Be4 {[%clk 00:55:58]} {[%emt 00:01:43]}
Qc5 {[%clk 01:18:36]} {[%emt 00:01:24]} 19. Nb3 {[%clk 00:51:10]} {[%emt
00:05:18]} Qb6 {[%clk 01:18:24]} {[%emt 00:00:42]} 20. Kh1 {[%clk 00:50:16]}
{[%emt 00:01:24]} a5 {[%clk 01:16:40]} {[%emt 00:02:14]} 21. Rd1 {[%clk
00:39:44]} {[%emt 00:11:01]} d3 {[%clk 01:16:37]} {[%emt 00:00:33]} 22. cxd3
{[%clk 00:34:03]} {[%emt 00:06:11]} a4 {[%clk 01:15:50]} {[%emt 00:01:14]} 23.
Nc1 {[%clk 00:27:13]} {[%emt 00:07:22]} Qe3 {[%clk 01:14:34]} {[%emt 00:01:46]}
24. Rff1 {[%clk 00:26:54]} {[%emt 00:00:49]} Rc2 {[%clk 01:14:10]} {[%emt
00:00:52]} 25. Rfe1 {[%clk 00:24:49]} {[%emt 00:02:37]} Qg5 {[%clk 01:08:09]}
{[%emt 00:06:31]} 26. Qxg5 {[%clk 00:23:15]} {[%emt 00:02:04]} fxg5 {[%clk
01:08:31]} {[%emt 00:00:08]} 27. d4 {[%clk 00:22:49]} {[%emt 00:00:57]} Rxb2
{[%clk 01:08:50]} {[%emt 00:00:11]} 28. dxe5 {[%clk 00:23:08]} {[%emt
00:00:10]} O-O {[%clk 01:08:48]} {[%emt 00:00:31]} 29. Re3 {[%clk 00:18:22]}
{[%emt 00:05:17]} Rc8 {[%clk 01:06:27]} {[%emt 00:02:51]} 30. f6 {[%clk
00:18:01]} {[%emt 00:00:50]} Bc5 {[%clk 01:04:55]} {[%emt 00:02:02]} 31. Rc3
{[%clk 00:18:01]} {[%emt 00:00:31]} b4 {[%clk 01:03:47]} {[%emt 00:01:38]} 32.
Rxc5 {[%clk 00:18:16]} {[%emt 00:00:14]} 1-0

[Event "Deutsche Ländermeisterschaft 2023"]
[Site "Hannover GER"]
[Date "2023.10.03"]
[Round "5"]
[White "Wilmink, Anna"]
[Black "Rudolph, Eva"]
[Result "1-0"]
[Termination "normal"]
[Board "2.7"]
[WhiteElo "1794"]
[BlackElo "1793"]
[WhiteClock "00:08:57"]
[BlackClock "00:00:40"]
[WhiteTeam "Niedersachsen"]
[BlackTeam "Nordrhein-Westfalen"]
[PlyCount "82"]
[WhiteFideId "16273680"]
[BlackFideId "16200594"]
[EventCountry "GER"]
[EventRounds "7"]
[EventType "team-swiss"]
[EventDate "2023.09.30"]

1. e4 {[%clk 01:30:58]} {[%emt 00:00:02]} c5 {[%clk 01:30:52]} {[%emt
00:00:08]} 2. Nf3 {[%clk 01:31:18]} {[%emt 00:00:09]} e6 {[%clk 01:31:12]}
{[%emt 00:00:10]} 3. d4 {[%clk 01:31:42]} {[%emt 00:00:07]} cxd4 {[%clk
01:31:37]} {[%emt 00:00:05]} 4. Nxd4 {[%clk 01:32:08]} {[%emt 00:00:04]} a6
{[%clk 01:31:54]} {[%emt 00:00:13]} 5. Nc3 {[%clk 01:32:31]} {[%emt 00:00:07]}
Qc7 {[%clk 01:32:13]} {[%emt 00:00:11]} 6. Qg4 {[%clk 01:32:53]} {[%emt
00:00:08]} Nf6 {[%clk 01:29:15]} {[%emt 00:03:28]} 7. Qg3 {[%clk 01:33:14]}
{[%emt 00:00:09]} Qxg3 {[%clk 01:24:41]} {[%emt 00:05:04]} 8. hxg3 {[%clk
01:33:36]} {[%emt 00:00:08]} Bb4 {[%clk 01:19:59]} {[%emt 00:05:11]} 9. Bd3
{[%clk 01:33:50]} {[%emt 00:00:17]} Nc6 {[%clk 01:19:15]} {[%emt 00:01:13]} 10.
Nxc6 {[%clk 01:33:56]} {[%emt 00:00:24]} dxc6 {[%clk 01:19:25]} {[%emt
00:00:20]} 11. Bf4 {[%clk 01:30:23]} {[%emt 00:04:02]} h6 {[%clk 01:06:04]}
{[%emt 00:13:52]} 12. f3 {[%clk 01:24:51]} {[%emt 00:06:02]} b5 {[%clk
00:57:40]} {[%emt 00:08:53]} 13. g4 {[%clk 01:19:10]} {[%emt 00:06:12]} Rg8
{[%clk 00:49:08]} {[%emt 00:09:02]} 14. a3 {[%clk 01:16:41]} {[%emt 00:02:58]}
Bxc3+ {[%clk 00:39:06]} {[%emt 00:10:33]} 15. bxc3 {[%clk 01:16:54]} {[%emt
00:00:17]} Nd7 {[%clk 00:39:19]} {[%emt 00:00:17]} 16. c4 {[%clk 01:15:28]}
{[%emt 00:01:56]} e5 {[%clk 00:37:57]} {[%emt 00:01:52]} 17. Be3 {[%clk
01:14:10]} {[%emt 00:01:48]} Bb7 {[%clk 00:34:44]} {[%emt 00:03:42]} 18. Rb1
{[%clk 01:03:10]} {[%emt 00:11:30]} Ke7 {[%clk 00:28:39]} {[%emt 00:06:35]} 19.
a4 {[%clk 00:58:10]} {[%emt 00:05:31]} Rgb8 {[%clk 00:23:32]} {[%emt 00:05:37]}
20. axb5 {[%clk 00:55:10]} {[%emt 00:03:31]} cxb5 {[%clk 00:22:13]} {[%emt
00:01:48]} 21. cxb5 {[%clk 00:55:16]} {[%emt 00:00:24]} axb5 {[%clk 00:21:13]}
{[%emt 00:01:30]} 22. Kd2 {[%clk 00:52:43]} {[%emt 00:03:03]} Bc6 {[%clk
00:20:12]} {[%emt 00:01:31]} 23. Rb2 {[%clk 00:51:01]} {[%emt 00:02:12]} Rb7
{[%clk 00:16:25]} {[%emt 00:04:16]} 24. Rhb1 {[%clk 00:49:20]} {[%emt
00:02:11]} Rab8 {[%clk 00:16:01]} {[%emt 00:00:53]} 25. Ra1 {[%clk 00:36:56]}
{[%emt 00:12:54]} Kd6 {[%clk 00:14:27]} {[%emt 00:02:02]} 26. Ke1 {[%clk
00:34:29]} {[%emt 00:02:59]} Nb6 {[%clk 00:11:21]} {[%emt 00:03:37]} 27. Rd1
{[%clk 00:31:06]} {[%emt 00:03:53]} Kc7 {[%clk 00:09:43]} {[%emt 00:02:08]} 28.
Rb3 {[%clk 00:27:51]} {[%emt 00:03:45]} Nd7 {[%clk 00:07:56]} {[%emt 00:02:15]}
29. Ra1 {[%clk 00:23:33]} {[%emt 00:04:50]} Kd6 {[%clk 00:07:19]} {[%emt
00:01:06]} 30. Ra6 {[%clk 00:22:19]} {[%emt 00:01:44]} Kc7 {[%clk 00:06:57]}
{[%emt 00:00:50]} 31. Rc3 {[%clk 00:19:32]} {[%emt 00:03:18]} Rb6 {[%clk
00:04:22]} {[%emt 00:03:06]} 32. Bxb6+ {[%clk 00:18:37]} {[%emt 00:01:26]} Rxb6
{[%clk 00:04:36]} {[%emt 00:00:15]} 33. Bxb5 {[%clk 00:16:52]} {[%emt
00:02:15]} Rxa6 {[%clk 00:01:21]} {[%emt 00:03:45]} 34. Bxa6 {[%clk 00:17:05]}
{[%emt 00:00:17]} Kb6 {[%clk 00:01:22]} {[%emt 00:00:27]} 35. Bc4 {[%clk
00:16:08]} {[%emt 00:01:28]} f6 {[%clk 00:01:26]} {[%emt 00:00:26]} 36. Kd2
{[%clk 00:14:43]} {[%emt 00:01:54]} Nc5 {[%clk 00:01:10]} {[%emt 00:00:46]} 37.
Ra3 {[%clk 00:13:53]} {[%emt 00:01:20]} Na4 {[%clk 00:00:50]} {[%emt 00:00:50]}
38. Bd5 {[%clk 00:13:10]} {[%emt 00:01:13]} Be8 {[%clk 00:00:35]} {[%emt
00:00:45]} 39. Rb3+ {[%clk 00:12:05]} {[%emt 00:01:35]} Kc5 {[%clk 00:00:37]}
{[%emt 00:00:28]} 40. Rb7 {[%clk 00:11:22]} {[%emt 00:01:12]} g6 {[%clk
00:00:40]} {[%emt 00:00:28]} 41. Re7 {[%clk 00:08:57]} {[%emt 00:02:55]} Kxd5
{[%emt 00:00:40]} 1-0

[Event "Deutsche Ländermeisterschaft 2023"]
[Site "Hannover GER"]
[Date "2023.10.03"]
[Round "5"]
[White "Kovalskyy, Alicia"]
[Black "Baklan, Kira"]
[Result "1/2-1/2"]
[Termination "normal"]
[Board "2.8"]
[WhiteElo "1527"]
[BlackElo "1096"]
[WhiteClock "00:21:33"]
[BlackClock "01:23:24"]
[WhiteTeam "Nordrhein-Westfalen"]
[BlackTeam "Niedersachsen"]
[PlyCount "108"]
[WhiteFideId "34612130"]
[BlackFideId "34186514"]
[EventCountry "GER"]
[EventRounds "7"]
[EventType "team-swiss"]
[EventDate "2023.09.30"]

1. e4 {[%clk 01:30:58]} {[%emt 01:09:17]} e6 {[%clk 01:30:54]} {[%emt
00:00:07]} 2. d4 {[%clk 01:31:23]} {[%emt 00:00:05]} d5 {[%clk 01:31:16]}
{[%emt 00:00:08]} 3. Nc3 {[%clk 01:31:49]} {[%emt 00:00:04]} Bb4 {[%clk
01:31:26]} {[%emt 00:00:21]} 4. exd5 {[%clk 01:32:10]} {[%emt 00:00:09]} exd5
{[%clk 01:31:47]} {[%emt 00:00:09]} 5. Bd3 {[%clk 01:32:19]} {[%emt 00:00:21]}
Ne7 {[%clk 01:31:31]} {[%emt 00:00:47]} 6. Qf3 {[%clk 01:27:24]} {[%emt
00:05:23]} Be6 {[%clk 01:30:20]} {[%emt 00:01:42]} 7. Nge2 {[%clk 01:26:49]}
{[%emt 00:01:06]} Nbc6 {[%clk 01:30:23]} {[%emt 00:00:26]} 8. a3 {[%clk
01:25:31]} {[%emt 00:01:48]} Bxc3+ {[%clk 01:30:02]} {[%emt 00:00:51]} 9. bxc3
{[%clk 01:25:52]} {[%emt 00:00:09]} Qd7 {[%clk 01:28:14]} {[%emt 00:02:18]} 10.
Nf4 {[%clk 01:11:36]} {[%emt 00:14:46]} Bf5 {[%clk 01:18:48]} {[%emt 00:09:55]}
11. Bd2 {[%clk 00:43:33]} {[%emt 00:28:33]} Bg6 {[%clk 01:09:40]} {[%emt
00:09:39]} 12. Rb1 {[%clk 00:37:06]} {[%emt 00:06:56]} b6 {[%clk 01:07:59]}
{[%emt 00:02:11]} 13. O-O {[%clk 00:33:54]} {[%emt 00:03:42]} O-O {[%clk
01:08:21]} {[%emt 00:00:09]} 14. Qg3 {[%clk 00:21:50]} {[%emt 00:12:33]} Nf5
{[%clk 01:04:54]} {[%emt 00:03:58]} 15. Bxf5 {[%clk 00:22:04]} {[%emt
00:00:16]} Qxf5 {[%clk 01:04:36]} {[%emt 00:00:48]} 16. Rfc1 {[%clk 00:21:54]}
{[%emt 00:00:39]} Rad8 {[%clk 01:03:09]} {[%emt 00:01:55]} 17. Nxg6 {[%clk
00:21:59]} {[%emt 00:00:27]} Qxg6 {[%clk 01:02:45]} {[%emt 00:00:54]} 18. Qxc7
{[%clk 00:22:04]} {[%emt 00:00:25]} Rfe8 {[%clk 01:00:24]} {[%emt 00:02:51]}
19. Qg3 {[%clk 00:21:50]} {[%emt 00:00:32]} Qxg3 {[%clk 00:59:15]} {[%emt
00:01:52]} 20. hxg3 {[%clk 00:21:48]} {[%emt 00:00:29]} Na5 {[%clk 00:58:57]}
{[%emt 00:00:50]} 21. Ra1 {[%clk 00:20:17]} {[%emt 00:02:02]} Nc4 {[%clk
00:58:57]} {[%emt 00:00:29]} 22. Bf4 {[%clk 00:20:11]} {[%emt 00:00:25]} h6
{[%clk 00:58:38]} {[%emt 00:01:01]} 23. g4 {[%clk 00:18:46]} {[%emt 00:01:54]}
Re4 {[%clk 00:56:58]} {[%emt 00:02:08]} 24. Bh2 {[%clk 00:11:01]} {[%emt
00:08:17]} Rxg4 {[%clk 00:56:57]} {[%emt 00:00:31]} 25. f3 {[%clk 00:10:59]}
{[%emt 00:00:32]} Rg6 {[%clk 00:57:15]} {[%emt 00:00:12]} 26. Kf2 {[%clk
00:10:37]} {[%emt 00:00:52]} Re6 {[%clk 00:57:23]} {[%emt 00:00:22]} 27. Rd1
{[%clk 00:09:43]} {[%emt 00:01:15]} Rc8 {[%clk 00:57:10]} {[%emt 00:00:52]} 28.
Ra2 {[%clk 00:05:42]} {[%emt 00:04:31]} Ne3 {[%clk 00:54:33]} {[%emt 00:03:07]}
29. Rd3 {[%clk 00:02:36]} {[%emt 00:03:33]} Nc4 {[%clk 00:54:35]} {[%emt
00:00:30]} 30. Rd1 {[%clk 00:02:54]} {[%emt 00:00:11]} Rce8 {[%clk 00:54:44]}
{[%emt 00:00:23]} 31. Bf4 {[%clk 00:02:33]} {[%emt 00:00:47]} g5 {[%clk
00:54:51]} {[%emt 00:00:27]} 32. Bc1 {[%clk 00:02:42]} {[%emt 00:00:20]} f5
{[%clk 00:54:20]} {[%emt 00:01:01]} 33. a4 {[%clk 00:02:14]} {[%emt 00:00:59]}
g4 {[%clk 00:54:35]} {[%emt 00:00:15]} 34. Rh1 {[%clk 00:01:56]} {[%emt
00:00:46]} Kg7 {[%clk 00:54:00]} {[%emt 00:01:07]} 35. Bf4 {[%clk 00:01:42]}
{[%emt 00:00:44]} gxf3 {[%clk 00:52:53]} {[%emt 00:01:36]} 36. gxf3 {[%clk
00:01:54]} {[%emt 00:00:19]} Rg6 {[%clk 00:51:52]} {[%emt 00:01:31]} 37. Raa1
{[%clk 00:02:02]} {[%emt 00:00:21]} Rh8 {[%clk 00:50:52]} {[%emt 00:01:29]} 38.
Rag1 {[%clk 00:01:51]} {[%emt 00:00:41]} Rxg1 {[%clk 00:51:07]} {[%emt
00:00:16]} 39. Rxg1+ {[%clk 00:02:17]} {[%emt 00:00:04]} Kf6 {[%clk 00:51:25]}
{[%emt 00:00:12]} 40. Re1 {[%clk 00:01:59]} {[%emt 00:00:48]} h5 {[%clk
00:51:32]} {[%emt 00:00:23]} 41. Be5+ {[%clk 00:01:15]} {[%emt 00:01:14]} Nxe5
{[%clk 00:51:45]} {[%emt 00:00:17]} 42. Rxe5 {[%clk 00:01:30]} {[%emt
00:00:14]} Rd8 {[%clk 00:52:08]} {[%emt 00:00:08]} 43. Kg3 {[%clk 00:01:27]}
{[%emt 00:00:32]} Kg5 {[%clk 00:52:12]} {[%emt 00:00:27]} 44. f4+ {[%clk
00:01:09]} {[%emt 00:00:47]} Kg6 {[%clk 00:52:13]} {[%emt 00:00:28]} 45. Re6+
{[%clk 00:26:05]} {[%emt 00:05:34]} Kf7 {[%clk 01:22:13]} {[%emt 00:00:30]} 46.
Rc6 {[%clk 00:26:09]} {[%emt 00:00:25]} Rg8+ {[%clk 01:21:34]} {[%emt
00:01:11]} 47. Kh4 {[%clk 00:24:34]} {[%emt 00:02:02]} Rg4+ {[%clk 01:21:51]}
{[%emt 00:00:16]} 48. Kxh5 {[%clk 00:24:10]} {[%emt 00:00:53]} Rxf4 {[%clk
01:22:08]} {[%emt 00:00:14]} 49. Kg5 {[%clk 00:22:52]} {[%emt 00:01:47]} Rf2
{[%clk 01:22:05]} {[%emt 00:00:34]} 50. Rf6+ {[%clk 00:22:06]} {[%emt
00:01:16]} Ke7 {[%clk 01:22:24]} {[%emt 00:00:11]} 51. Rxf5 {[%clk 00:21:59]}
{[%emt 00:00:36]} Rxc2 {[%clk 01:22:44]} {[%emt 00:00:10]} 52. Rxd5 {[%clk
00:21:34]} {[%emt 00:00:54]} Rxc3 {[%clk 01:23:05]} {[%emt 00:00:10]} 53. a5
{[%clk 00:21:19]} {[%emt 00:00:46]} bxa5 {[%clk 01:23:07]} {[%emt 00:00:28]}
54. Rxa5 {[%clk 00:21:33]} {[%emt 00:00:15]} Rc7 {[%clk 01:23:24]} {[%emt
00:00:12]} 1/2-1/2